[Event "NED-ch 1983"]
[Site "Hilversum"]
[Date "1983.??.??"]
[Round "10"]
[White "Ligterink, Gert"]
[Black "Timmerman, Gert"]
[Result "0-1"]
[WhiteElo "2440"]
[BlackElo "2285"]
[PlyCount "92"]
[EventDate "1983.04.??"]
[Source "ChessBase"]
[SourceDate "1999.07.01"]

1. d4 d5 2. c4 e6 3. Nc3 f5 4. Bf4 Nf6 5. e3 Be7 6. Nf3 O-O 7. Ne5 b6 8. Bd3
Ne4 9. cxd5 exd5 10. Nxd5 Qxd5 11. Bc4 Bb4+ 12. Kf1 Ba6 13. Bxa6 Nxa6 14. Qa4
g5 15. Bxg5 Nxg5 16. Qxa6 f4 17. Qc4 Qxc4+ 18. Nxc4 b5 19. exf4 Rxf4 20. Ne3
Rxd4 21. Nc2 Rc4 22. Nxb4 Rxb4 23. b3 Rd4 24. Rc1 Rd2 25. h4 Ne4 26. Rh3 Rxf2+
27. Kg1 Rxa2 28. Rxc7 Rf8 29. Re3 Ra1+ 30. Kh2 Rf4 31. h5 h6 32. Rc6 Kg7 33.
Rg6+ Kh7 34. Rc6 Rh4+ 35. Rh3 Rxh3+ 36. Kxh3 Ng5+ 37. Kg4 Nf7 38. Rc7 Kg7 39.
Kf5 a5 40. Ra7 a4 41. bxa4 Rxa4 42. Rb7 Rd4 43. g4 Rd5+ 44. Ke4 Rg5 45. Kf4 Rc5
46. Ke4 Kf8 0-1

[Event "NED-ch 1983"]
[Site "Hilversum"]
[Date "1983.??.??"]
[Round "10"]
[White "Ree, Hans"]
[Black "Bohm, Hans"]
[Result "0-1"]
[WhiteElo "2500"]
[BlackElo "2380"]
[PlyCount "72"]
[EventDate "1983.04.??"]
[Source "ChessBase"]
[SourceDate "1999.07.01"]

1. c4 c5 2. Nf3 Nf6 3. Nc3 d5 4. cxd5 Nxd5 5. e4 Nb4 6. Bc4 Nd3+ 7. Ke2 Nf4+ 8.
Kf1 Ne6 9. Ne5 g6 10. Qa4+ Bd7 11. Nxd7 Qxd7 12. Bxe6 fxe6 13. Qxd7+ Kxd7 14.
d3 Bg7 15. Be3 b6 16. Ke2 Nc6 17. Rhc1 Rhf8 18. Rab1 Be5 19. h3 h5 20. Nb5 Bf4
21. Rd1 e5 22. Bxf4 Rxf4 23. Ke3 g5 24. Nc3 Raf8 25. Rf1 g4 26. Ne2 gxh3 27.
gxh3 Rf3+ 28. Kd2 h4 29. Ng1 Rxf2+ 30. Rxf2 Rxf2+ 31. Ke3 Rg2 32. Nf3 Rg3 33.
Kf2 Nd4 34. Nxe5+ Ke6 35. Nc4 Rf3+ 36. Kg2 Rxd3 0-1

[Event "NED-ch 1983"]
[Site "Hilversum"]
[Date "1983.??.??"]
[Round "10"]
[White "Van der Sterren, Paul"]
[Black "Van Wijgerden, Cor"]
[Result "1-0"]
[WhiteElo "2460"]
[BlackElo "2440"]
[PlyCount "55"]
[EventDate "1983.04.??"]
[Source "ChessBase"]
[SourceDate "1999.07.01"]

1. e4 d6 2. d4 Nf6 3. Nc3 g6 4. f4 Bg7 5. Nf3 O-O 6. Bd3 Nc6 7. e5 dxe5 8. fxe5
Nh5 9. Be3 Bg4 10. Be2 f6 11. exf6 Bxf6 12. O-O Ng7 13. d5 Nf5 14. Bf2 Nb4 15.
h3 Bxf3 16. Bxf3 c6 17. a3 Bxc3 18. axb4 Bxb2 19. Ra2 Bc3 20. dxc6 bxc6 21.
Bxc6 Qxd1 22. Rxd1 Rad8 23. Bd5+ Kg7 24. g4 Nd6 25. Rxa7 Nc8 26. Rb7 Rf4 27.
Rd3 Be5 28. Bg3 1-0

[Event "NED-ch 1983"]
[Site "Hilversum"]
[Date "1983.??.??"]
[Round "10"]
[White "Van der Vliet, Fred"]
[Black "Langeweg, Kick"]
[Result "1/2-1/2"]
[WhiteElo "2370"]
[BlackElo "2395"]
[PlyCount "86"]
[EventDate "1983.04.??"]
[Source "ChessBase"]
[SourceDate "1999.07.01"]

1. d4 Nf6 2. c4 e6 3. Nf3 b6 4. g3 Ba6 5. b3 Bb4+ 6. Bd2 Be7 7. Bg2 d5 8. O-O
O-O 9. cxd5 exd5 10. Nc3 Nbd7 11. Rc1 Re8 12. Ne5 Bb7 13. Bf4 Nf8 14. Bh3 c5
15. dxc5 bxc5 16. Na4 d4 17. Nd3 Qd5 18. f3 Qh5 19. Ndxc5 Qxh3 20. Nxb7 Ne6 21.
Bd2 h5 22. Qe1 h4 23. Qf2 hxg3 24. Qxg3 Qf5 25. Na5 Rad8 26. Nc6 Bd6 27. Qh4
Rd7 28. Rc4 Bf4 29. Rd1 g5 30. Qe1 Qh3 31. Qf2 Be3 32. Bxe3 dxe3 33. Qf1 Rxd1
34. Qxd1 Nf4 35. Qf1 Qh4 36. Nc3 N6h5 37. Re4 Nh3+ 38. Kh1 Nf2+ 39. Kg1 Nxe4
40. Nxe4 Nf4 41. Nf6+ Kf8 42. Nxe8 Kxe8 43. Ne5 Nh3+ 1/2-1/2

[Event "NED-ch 1983"]
[Site "Hilversum"]
[Date "1983.??.??"]
[Round "11"]
[White "Bohm, Hans"]
[Black "Timman, Jan"]
[Result "0-1"]
[WhiteElo "2380"]
[BlackElo "2605"]
[PlyCount "110"]
[EventDate "1983.04.??"]
[Source "ChessBase"]
[SourceDate "1999.07.01"]

1. d4 Nf6 2. c4 g6 3. Nc3 d5 4. Bf4 Bg7 5. e3 c5 6. dxc5 Qa5 7. Qa4+ Qxa4 8.
Nxa4 Ne4 9. Bxb8 Bd7 10. f3 Bxa4 11. fxe4 dxc4 12. Bc7 Rc8 13. Bg3 Bxb2 14. Rb1
c3 15. Bd3 Rxc5 16. Ne2 c2 17. Rxb2 c1=Q+ 18. Nxc1 Rxc1+ 19. Kf2 Rxh1 20. Rxb7
O-O 21. Rxe7 Rd1 22. Rxa7 Rd2+ 23. Ke1 Rxd3 24. Rxa4 Rc8 25. Ke2 Rdd8 26. a3
Ra8 27. Rxa8 Rxa8 28. Bd6 f6 29. Bb4 Kf7 30. Kd3 Ke6 31. h3 h5 32. Ke2 Rc8 33.
Kf3 Rc4 34. Be1 g5 35. Ba5 Ke5 36. Be1 Rxe4 37. Bc3+ Kf5 38. g4+ hxg4+ 39.
hxg4+ Rxg4 40. Bxf6 Rh4 41. Be7 Rh3+ 42. Kf2 Kg4 43. Ke2 Rh2+ 44. Kd3 Rh7 45.
Bc5 Kf3 46. e4 Rd7+ 47. Kc4 Kxe4 48. a4 Rd1 49. a5 Rc1+ 50. Kb5 Kd5 51. Bb4 g4
52. a6 Ra1 53. Kb6 g3 54. a7 Rxa7 55. Kxa7 g2 0-1

[Event "NED-ch 1983"]
[Site "Hilversum"]
[Date "1983.??.??"]
[Round "11"]
[White "Langeweg, Kick"]
[Black "Van der Sterren, Paul"]
[Result "1/2-1/2"]
[WhiteElo "2395"]
[BlackElo "2460"]
[PlyCount "64"]
[EventDate "1983.04.??"]
[Source "ChessBase"]
[SourceDate "1999.07.01"]

1. d4 Nf6 2. c4 e6 3. Nf3 d5 4. Nc3 Be7 5. Bg5 O-O 6. e3 h6 7. Bh4 b6 8. Rc1
Bb7 9. Bd3 Nbd7 10. O-O c5 11. Qe2 Ne4 12. Bg3 cxd4 13. Nxd4 Nxg3 14. hxg3 Ne5
15. cxd5 Nxd3 16. Qxd3 exd5 17. Rfd1 Bf6 18. Rd2 Qd7 19. Rcd1 Rfd8 20. Nce2 g6
21. Nf4 Bg7 22. Qb3 Rac8 23. Qb5 Qxb5 24. Nxb5 Rc5 25. Nd4 h5 26. f3 Rdc8 27.
Kf2 Bf6 28. Nfe2 Kg7 29. a3 a6 30. Nc3 Rc4 31. Nce2 R4c5 32. Nc3 Rc4 1/2-1/2

[Event "NED-ch 1983"]
[Site "Hilversum"]
[Date "1983.??.??"]
[Round "11"]
[White "Timmerman, Gert"]
[Black "Cuijpers, Frans"]
[Result "0-1"]
[WhiteElo "2285"]
[BlackElo "2255"]
[PlyCount "64"]
[EventDate "1983.04.??"]
[Source "ChessBase"]
[SourceDate "1999.07.01"]

1. e4 d6 2. d4 Nf6 3. Nc3 g6 4. Bc4 c6 5. Qe2 d5 6. e5 dxc4 7. exf6 Be6 8. fxe7
Bxe7 9. Bh6 Nd7 10. Nf3 Qa5 11. O-O-O O-O-O 12. Kb1 Rhe8 13. Ne5 Nb6 14. Qf3
Nd5 15. Bd2 Nc7 16. Bc1 f6 17. Ng4 b5 18. a3 h5 19. Ne3 Qb6 20. d5 Bf7 21. dxc6
Qc5 22. Rd7 Be6 23. Rxd8+ Rxd8 24. Rd1 Rxd1 25. Ncxd1 a5 26. Nc3 b4 27. axb4
axb4 28. Ne2 f5 29. Nf4 Bf7 30. g3 b3 31. Ne2 Nb5 32. c7 Qa7 0-1

[Event "NED-ch 1983"]
[Site "Hilversum"]
[Date "1983.??.??"]
[Round "11"]
[White "Van Scheltinga, Theo"]
[Black "Ree, Hans"]
[Result "0-1"]
[WhiteElo "2325"]
[BlackElo "2500"]
[PlyCount "82"]
[EventDate "1983.04.??"]
[Source "ChessBase"]
[SourceDate "1999.07.01"]

1. Nf3 Nf6 2. c4 g6 3. Nc3 Bg7 4. e4 d6 5. d4 O-O 6. Be2 e5 7. dxe5 dxe5 8.
Qxd8 Rxd8 9. Bg5 Na6 10. Nd5 Rd6 11. Bxf6 Bxf6 12. Nxf6+ Rxf6 13. Rd1 Kg7 14.
Nxe5 Re6 15. Ng4 Rxe4 16. Ne3 Re8 17. Bf3 c6 18. O-O Be6 19. Rd2 Rad8 20. Rxd8
Rxd8 21. Rd1 Rxd1+ 22. Bxd1 Kf6 23. a3 Ke5 24. Be2 Nc5 25. Kf1 Na4 26. b3 Nc5
27. b4 Ne4 28. Bd3 Kd4 29. Bxe4 Kxe4 30. Ke2 Kd4 31. c5 Kc3 32. Nd1+ Kb3 33.
Kd3 Kxa3 34. Kc3 Ka2 35. Ne3 Kb1 36. h4 h6 37. g4 g5 38. hxg5 hxg5 39. f3 f6
40. Nf1 Bd5 41. Nd2+ Ka2 0-1

[Event "NED-ch 1983"]
[Site "Hilversum"]
[Date "1983.??.??"]
[Round "11"]
[White "Van Wijgerden, Cor"]
[Black "Ligterink, Gert"]
[Result "1/2-1/2"]
[WhiteElo "2440"]
[BlackElo "2440"]
[PlyCount "31"]
[EventDate "1983.04.??"]
[Source "ChessBase"]
[SourceDate "1999.07.01"]

1. e4 c5 2. Nc3 Nc6 3. Nge2 d6 4. g3 g6 5. Bg2 Bg7 6. d3 e5 7. Nd5 Nge7 8. Bg5
h6 9. Bxe7 Nxe7 10. Nxe7 Qxe7 11. c4 Bd7 12. Nc3 Bc6 13. Bh3 h5 14. O-O Bh6 15.
Qe2 Kf8 16. Kh1 1/2-1/2

[Event "NED-ch 1983"]
[Site "Hilversum"]
[Date "1983.??.??"]
[Round "11"]
[White "Van der Wiel, John"]
[Black "Van der Vliet, Fred"]
[Result "1-0"]
[WhiteElo "2530"]
[BlackElo "2370"]
[PlyCount "53"]
[EventDate "1983.04.??"]
[Source "ChessBase"]
[SourceDate "1999.07.01"]

1. e4 c5 2. Nf3 d6 3. d4 cxd4 4. Nxd4 Nf6 5. Nc3 a6 6. Bg5 e6 7. f4 b5 8. e5
dxe5 9. fxe5 Qc7 10. exf6 Qe5+ 11. Be2 Qxg5 12. Qd3 Qxf6 13. Rf1 Qe5 14. Rd1
Ra7 15. Nf3 Qc7 16. Ng5 Qb6 17. Qh3 h5 18. Bxh5 g6 19. Nd5 Qa5+ 20. c3 Be7 21.
Rxf7 gxh5 22. Nxe7 Rxe7 23. Rxe7+ Kxe7 24. Qh4 Nd7 25. Ne4+ Kf8 26. Qf4+ Ke8
27. Nd6+ 1-0